[Event "18th Charleroi Experts 2019"]
[Site "Charleroi"]
[Date "2019.07.30"]
[Round "5.2"]
[White "Lenaerts, Lennert"]
[Black "Dardha, Daniel"]
[Result "1/2-1/2"]
[WhiteElo "2355"]
[BlackElo "2420"]
[Annotator "NA"]
[PlyCount "104"]
[EventDate "2019.07.22"]
[EventType "tourn"]
[EventCountry "BEL"]
[SourceTitle "playchess.com"]
[Source "ChessBase"]
[SourceQuality "1"]
[TimeControl "40/5400+30:1800+30"]

1. d4 {[%emt 0:01:37]} Nf6 {[%emt 0:00:00]} 2. c4 {[%emt 0:00:06]} c5 {[%emt 0:00:00]} 3. d5 {[%emt 0:00:08]} e6 {[%emt 0:00:00]} 4. Nc3 {[%emt 0:00:23]} exd5 {[%emt 0:00:00]} 5. cxd5 {[%emt 0:00:05]} Bd6 {[%emt 0:00:08]} 6. e4 {[%emt 0:03:35]} O-O {[%emt 0:00:22]} 7. Bd3 {[%emt 0:21:55]} Bc7 {[%emt 0:00:41]} 8. Nf3 {[%emt 0:03:53]} d6 {[%emt 0:00:41]} 9. h3 {[%emt 0:01:08]} a6 {[%emt 0:00:13]} 10. a4 {[%emt 0:00:44]} Nbd7 {[%emt 0:05:51]} 11. O-O {[%emt 0:02:11]} Re8 {[%emt 0:01:01]} 12. Re1 {[%emt 0:01:37]} Nf8 {[%emt 0:00:54]} 13. Bf4 {[%emt 0:03:22]} Ng6 {[%emt 0:03:01]} 14. Bh2 {[%emt 0:00:09]} Rb8 {[%emt 0:00:59]} 15. Nd2 {[%emt 0:02:26]} Ne5 {[%emt 0:06:05]} 16. Bf1 {[%emt 0:00:44]} Bd7 {[%emt 0:00:54]} 17. f4 {[%emt 0:01:13]} Ng6 {[%emt 0:00:35]} 18. a5 {[%emt 0:06:45]} Kh8 {[%emt 0:19:59]} 19. Nc4 {[%emt 0:01:37]} Bb5 {[%emt 0:01:01]} 20. Nxb5 {[%emt 0:01:29]} axb5 {[%emt 0:00:22]} 21. Nxd6 {[%emt 0:01:34]} Qxd6 {[%emt 0:10:54]} 22. e5 {[%emt 0:00:05]} Qd8 {[%emt 0:01:13]} 23. exf6 {[%emt 0:00:52]} Qxf6 {[%emt 0:00:09]} 24. Rxe8+ {[%emt 0:01:40]} Rxe8 {[%emt 0:00:07]} 25. Bxb5 {[%emt 0:00:08]} Rd8 {[%emt 0:03:02]} 26. Qd2 {[%emt 0:10:38]} h5 {[%emt 0:12:05]} 27. a6 {[%emt 0:04:59]} bxa6 {[%emt 0:00:16]} 28. Rxa6 {[%emt 0:00:21]} Qf5 {[%emt 0:05:57]} 29. Bc4 {[%emt 0:12:22]} Qe4 {[%emt 0:06:14]} 30. Qd3 {[%emt 0:04:07]} Qxd3 {[%emt 0:06:21]} 31. Bxd3 {[%emt 0:00:07]} Nxf4 {[%emt 0:01:52]} 32. Bc4 {[%emt 0:02:15]} Nxd5 {[%emt 0:01:14]} 33. Bxc7 {[%emt 0:00:23]} Nxc7 {[%emt 0:00:03]} 34. Rc6 {[%emt 0:00:09]} Rd1+ {[%emt 0:01:48]} 35. Kh2 {[%emt 0:00:06]} Ne6 {[%emt 0:00:20]} 36. Bxe6 {[%emt 0:00:18]} fxe6 {[%emt 0:00:06]} 37. Rxc5 {[%emt 0:00:03]} g6 {[%emt 0:00:56]} 38. Rc6 {[%emt 0:00:10]} Rb1 {[%emt 0:03:22]} 39. Rxe6 {[%emt 0:00:05]} Rxb2 {[%emt 0:00:02]} 40. Rxg6 {[%emt 0:00:08]} Kh7 {[%emt 0:00:01]} 41. Re6 {[%emt 0:30:20]} Rb3 {[%emt 0:30:18]} 42. Rf6 {[%emt 0:00:17]} Kg7 {[%emt 0:00:06]} 43. Rf3 {[%emt 0:00:05]} Rb4 {[%emt 0:00:16]} 44. Re3 {[%emt 0:00:16]} Kg6 {[%emt 0:00:14]} 45. Kg3 {[%emt 0:00:06]} Rb6 {[%emt 0:00:28]} 46. Re4 {[%emt 0:00:24]} Ra6 {[%emt 0:00:12]} 47. Kf3 {[%emt 0:00:11]} Rb6 {[%emt 0:00:42]} 48. g4 {[%emt 0:00:17]} Rb3+ {[%emt 0:00:09]} 49. Re3 {[%emt 0:00:05]} hxg4+ {[%emt 0:00:04]} 50. hxg4 {[%emt 0:00:04]} Rxe3+ {[%emt 0:00:05]} 51. Kxe3 {[%emt 0:00:02]} Kg5 {[%emt 0:00:04]} 52. Ke4 {[%emt 0:00:06]} Kxg4 {[%emt 0:00:04]} 1/2-1/2

[Event "18th Charleroi Experts 2019"]
[Site "Charleroi"]
[Date "2019.07.30"]
[Round "5.3"]
[White "Hovhannisyan, Mher"]
[Black "Hamblok, Roel"]
[Result "1-0"]
[WhiteElo "2444"]
[BlackElo "2261"]
[Annotator "NA"]
[PlyCount "61"]
[EventDate "2019.07.22"]
[EventType "tourn"]
[EventCountry "BEL"]
[SourceTitle "playchess.com"]
[Source "ChessBase"]
[SourceQuality "1"]
[TimeControl "40/5400+30:1800+30"]

1. a3 {[%emt 0:00:24]} d5 {[%emt 0:01:02]} 2. b4 {[%emt 0:03:50]} e5 {[%emt 0:01:47]} 3. Bb2 {[%emt 0:00:40]} Bd6 {[%emt 0:00:11]} 4. e3 {[%emt 0:03:39]} Nf6 {[%emt 0:15:25]} 5. c4 {[%emt 0:01:26]} c6 {[%emt 0:04:25]} 6. Nf3 {[%emt 0:08:36]} Qe7 {[%emt 0:05:12]} 7. Qc2 {[%emt 0:05:25]} O-O {[%emt 0:01:54]} 8. Be2 {[%emt 0:05:18]} Re8 {[%emt 0:04:48]} 9. h3 {[%emt 0:05:23]} Nbd7 {[%emt 0:03:44]} 10. cxd5 {[%emt 0:02:27]} cxd5 {[%emt 0:05:07]} 11. Nc3 {[%emt 0:01:11]} a6 {[%emt 0:11:01]} 12. g4 {[%emt 0:04:46]} d4 {[%emt 0:09:11]} 13. exd4 {[%emt 0:04:54]} e4 {[%emt 0:02:46]} 14. Nh4 {[%emt 0:10:51]} Nb6 {[%emt 0:01:19]} 15. Ng2 {[%emt 0:05:40]} Nfd5 {[%emt 0:03:20]} 16. Nxd5 {[%emt 0:14:21]} Nxd5 {[%emt 0:00:36]} 17. Qb3 {[%emt 0:04:59]} Be6 {[%emt 0:07:26]} 18. Bc4 {[%emt 0:00:17]} Nf4 {[%emt 0:06:55]} 19. Nxf4 {[%emt 0:00:05]} Bxc4 {[%emt 0:00:09]} 20. Qxc4 {[%emt 0:00:03]} Bxf4 {[%emt 0:00:09]} 21. Qe2 {[%emt 0:08:57]} a5 {[%emt 0:03:40]} 22. bxa5 {[%emt 0:03:04]} Qh4 {[%emt 0:02:33]} 23. Kf1 {[%emt 0:00:56]} Rxa5 {[%emt 0:01:27]} 24. Rc1 {[%emt 0:00:10]} Ra6 {[%emt 0:02:57]} 25. Qxe4 {[%emt 0:02:21]} Kf8 {[%emt 0:04:48]} 26. Qxf4 {[%emt 0:00:11]} Rf6 {[%emt 0:00:06]} 27. Qh2 {[%emt 0:00:10]} Qg5 {[%emt 0:00:05]} 28. Bc3 {[%emt 0:01:07]} Qb5+ {[%emt 0:00:06]} 29. Kg1 {[%emt 0:00:30]} Qe2 {[%emt 0:01:02]} 30. d5 {[%emt 0:01:52]} Qd3 {[%emt 0:01:12]} 31. Bxf6 {[%emt 0:01:57]} 1-0

[Event "18th Charleroi Experts 2019"]
[Site "Charleroi"]
[Date "2019.07.30"]
[Round "5.4"]
[White "Real, Thibault"]
[Black "Dgebuadze, Alexandre"]
[Result "0-1"]
[WhiteElo "2262"]
[BlackElo "2495"]
[Annotator "ChessBase"]
[PlyCount "86"]
[EventDate "2019.07.22"]
[EventType "tourn"]
[EventCountry "BEL"]
[SourceTitle "playchess.com"]
[Source "ChessBase"]
[SourceQuality "1"]
[TimeControl "40/5400+30:1800+30"]

1. d4 {[%emt 0:00:00]} Nf6 {[%emt 0:00:23]} 2. Bf4 {[%emt 0:00:00]} d6 {[%emt 0:00:09]} 3. Nc3 {[%emt 0:00:00]} Nbd7 {[%emt 0:00:12]} 4. Nf3 {[%emt 0:00:35]} c5 {[%emt 0:02:43]} 5. d5 {[%emt 0:02:47]} b5 {[%emt 0:00:45]} 6. Nxb5 {[%emt 0:00:14]} Qa5+ {[%emt 0:00:23]} 7. Nc3 {[%emt 0:00:06]} Rb8 {[%emt 0:00:06]} 8. Bd2 {[%emt 0:00:04]} Rxb2 {[%emt 0:00:22]} 9. e4 {[%emt 0:00:03]} Rb7 {[%emt 0:03:55]} 10. Bc4 {[%emt 0:02:17]} g6 {[%emt 0:04:59]} 11. O-O {[%emt 0:03:05]} Bg7 {[%emt 0:01:46]} 12. h3 {[%emt 0:05:30]} O-O {[%emt 0:00:40]} 13. Qe2 {[%emt 0:02:52]} Nh5 {[%emt 0:07:25]} 14. Qd3 {[%emt 0:10:38]} Nb6 {[%emt 0:16:59]} 15. Rab1 {[%emt 0:32:55]} Nxc4 {[%emt 0:03:06]} 16. Qxc4 {[%emt 0:00:55]} Rb4 {[%emt 0:00:07]} 17. Rxb4 {[%emt 0:07:55]} cxb4 {[%emt 0:01:18]} 18. Qb5 {[%emt 0:10:24]} Qxb5 {[%emt 0:01:36]} 19. Nxb5 {[%emt 0:00:01]} Ba6 {[%emt 0:00:07]} 20. Nxa7 {[%emt 0:00:24]} Bxf1 {[%emt 0:00:28]} 21. Kxf1 {[%emt 0:00:03]} Ra8 {[%emt 0:04:47]} 22. Nc6 {[%emt 0:00:58]} Kf8 {[%emt 0:03:57]} 23. Bxb4 {[%emt 0:17:47]} Rxa2 {[%emt 0:02:24]} 24. e5 {[%emt 0:01:52]} Ra1+ {[%emt 0:01:23]} 25. Ne1 {[%emt 0:00:10]} Ke8 {[%emt 0:02:58]} 26. exd6 {[%emt 0:00:33]} exd6 {[%emt 0:00:10]} 27. g3 {[%emt 0:00:45]} Nf6 {[%emt 0:03:59]} 28. c4 {[%emt 0:00:34]} Ne4 {[%emt 0:00:31]} 29. Ke2 {[%emt 0:00:10]} Ra2+ {[%emt 0:04:50]} 30. Ke3 {[%emt 0:00:05]} f5 {[%emt 0:00:13]} 31. Nd3 {[%emt 0:00:19]} Bh6+ {[%emt 0:01:52]} 32. Kd4 {[%emt 0:00:39]} Bg7+ {[%emt 0:03:08]} 33. Ke3 {[%emt 0:00:06]} Rc2 {[%emt 0:00:05]} 34. Na5 {[%emt 0:00:45]} Kd7 {[%emt 0:01:07]} 35. h4 {[%emt 0:01:08]} Bh6+ {[%emt 0:01:45]} 36. Kd4 {[%emt 0:01:21]} Nxf2 37. c5 Bg7+ 38. Ke3 Ng4+ 39. Kf3 Nh2+ 40. Ke3 {[%emt 0:01:27]} Ng4+ {[%emt 0:05:19]} 41. Kf3 {[%emt 0:29:26]} Nh2+ {[%emt 0:30:30]} 42. Ke3 {[%emt 0:01:08]} Bh6+ {[%emt 0:00:23]} 43. Kd4 {[%emt 0:00:00]} Nf3# {[%emt 0:24:40]} 0-1

[Event "18th Charleroi Experts 2019"]
[Site "Charleroi"]
[Date "2019.07.30"]
[Round "5.5"]
[White "Van der Stricht, Geert"]
[Black "Ringoir, Tanguy"]
[Result "1/2-1/2"]
[WhiteElo "2374"]
[BlackElo "2503"]
[Annotator "ChessBase"]
[PlyCount "40"]
[EventDate "2019.07.22"]
[EventType "tourn"]
[EventCountry "BEL"]
[SourceTitle "playchess.com"]
[Source "ChessBase"]
[SourceQuality "1"]
[TimeControl "40/5400+30:1800+30"]

1. d4 {[%emt 0:00:00]} Nf6 {[%emt 0:00:00]} 2. c4 {[%emt 0:00:00]} g6 {[%emt 0:00:00]} 3. Nc3 {[%emt 0:00:21]} d5 {[%emt 0:00:00]} 4. cxd5 {[%emt 0:05:09]} Nxd5 {[%emt 0:00:06]} 5. e4 {[%emt 0:00:06]} Nxc3 {[%emt 0:00:04]} 6. bxc3 {[%emt 0:00:03]} Bg7 {[%emt 0:00:06]} 7. Be3 {[%emt 0:00:20]} c5 {[%emt 0:00:17]} 8. Rc1 {[%emt 0:00:44]} Qa5 {[%emt 0:01:04]} 9. Qd2 {[%emt 0:00:14]} cxd4 {[%emt 0:00:34]} 10. cxd4 {[%emt 0:00:06]} Qxd2+ {[%emt 0:00:04]} 11. Bxd2 {[%emt 0:01:09]} O-O {[%emt 0:00:08]} 12. Nf3 {[%emt 0:01:48]} e6 {[%emt 0:00:22]} 13. Bb5 {[%emt 0:09:02]} Nc6 {[%emt 0:00:05]} 14. Be3 {[%emt 0:01:04]} Rd8 {[%emt 0:07:07]} 15. Bxc6 {[%emt 0:01:12]} bxc6 {[%emt 0:00:03]} 16. O-O {[%emt 0:00:51]} Ba6 {[%emt 0:04:30]} 17. Rfd1 {[%emt 0:07:14]} Bb5 {[%emt 0:00:35]} 18. Ne5 {[%emt 0:07:03]} Rac8 {[%emt 0:00:50]} 19. f4 {[%emt 0:16:41]} a5 {[%emt 0:27:24]} 20. Rd2 {[%emt 0:14:05]} Bf8 {[%emt 0:09:21]} 1/2-1/2

[Event "18th Charleroi Experts 2019"]
[Site "Charleroi"]
[Date "2019.07.31"]
[Round "6.1"]
[White "Cools, Gorik"]
[Black "Ringoir, Tanguy"]
[Result "0-1"]
[WhiteElo "2280"]
[BlackElo "2503"]
[Annotator "TA"]
[PlyCount "50"]
[EventDate "2019.07.22"]
[EventType "tourn"]
[EventCountry "BEL"]
[SourceTitle "playchess.com"]
[Source "ChessBase"]
[SourceQuality "1"]

{[%evp 9,50,42,48,34,55,49,62,50,57,41,43,29,79,75,81,0,4,18,21,16,8,13,22,2,47,31,122,40,47,29,42,14,10,-126,-118,-118,-129,-120,-138,-553,-562,-1252,-1233]} 1. e4 c6 2. Nc3 d5 3. Nf3 Nf6 (3... Bg4 4. h3 Bxf3 5. Qxf3 e6 6. g3 Nf6 7. a3 Bc5 8. d3 O-O 9. Bg2 Nbd7 10. O-O b5 11. Qd1 Qb6 12. Qe2 a5 13. Kh1 d4 14. Nb1 e5 {0-1 (47) Vallejo Pons,F (2693)-Anand,V (2774) Karlsruhe/Baden Baden 2019}) 4. d3 g6 5. e5 $146 ({Predecessor:} 5. Ne2 b5 6. Ng3 e6 7. Be2 Bg7 8. Be3 O-O 9. O-O a6 10. Ne5 Nbd7 11. Nxc6 {1-0 (42) Lode,M-Holter,K (589) Fredrikstad 2003}) 5... Nfd7 6. d4 {B11: Caro-Kann: Two Knights Variation} f6 7. exf6 exf6 8. Bf4 {White is slightly better.} Bg7 9. Bd3 O-O 10. h4 Qe8+ 11. Kf1 Ne5 12. Be2 (12. dxe5 $16 {Hoping for e6.} fxe5 13. Be3) 12... Nf7 $11 13. Qd2 Bg4 14. Re1 Qd7 15. Nd1 Na6 16. Ne3 Be6 (16... Bxf3 $5 17. Bxf3 Nc7 $11) 17. c3 Nd6 {[#]} (17... Nc7 $14) 18. Bd3 ({White should try} 18. Bxd6 $1 $16 Qxd6 19. h5) 18... Ne4 $1 $14 {[%cal Re4d2]} 19. Qc2 Rfe8 20. Ng1 c5 21. f3 (21. Ne2 $11 {remains equal.}) 21... cxd4 $17 22. fxe4 dxe3 23. exd5 Bxd5 {White must now prevent ...Nc5.} 24. h5 $2 {[%mdl 8192] [#]} (24. Bxe3 $17 {is tougher.} Bf8 25. a4) 24... Nc5 $1 $19 {[%cal Rc5d3]} 25. h6 Nxd3 {Accuracy: White = 32%, Black = 58%.} 0-1

[Event "18th Charleroi Experts 2019"]
[Site "Charleroi"]
[Date "2019.07.31"]
[Round "6.2"]
[White "Dgebuadze, Alexandre"]
[Black "Van der Stricht, Geert"]
[Result "1/2-1/2"]
[WhiteElo "2495"]
[BlackElo "2374"]
[Annotator "TA"]
[PlyCount "39"]
[EventDate "2019.07.22"]
[EventType "tourn"]
[EventCountry "BEL"]
[SourceTitle "playchess.com"]
[Source "ChessBase"]
[SourceQuality "1"]

{[%evp 23,39,0,0,0,0,0,0,0,0,-8,-10,-17,-19,-25,-32,-64,-28,-18]} 1. e4 c5 2. Nf3 d6 3. d4 cxd4 4. Nxd4 Nf6 5. Nc3 a6 6. f4 e5 7. Nf3 Nbd7 8. a4 Qc7 9. Bd3 Be7 10. O-O O-O 11. Kh1 exf4 12. Bxf4 Ne5 13. Nxe5 {B93: Sicilian Najdorf: 6 f4} (13. Nd4 Be6 14. a5 Rfe8 15. Bg5 Nfg4 16. Bf4 Nf6 17. h3 Bf8 18. Bg5 Nfd7 19. Nf5 g6 20. Ne3 Bg7 21. Ncd5 Qc5 {1-0 (50) Li,C (2622)-Aveskulov,V (2544) Beijing 2008}) 13... dxe5 14. Bg5 Be6 15. Qe1 {The position is equal.} Nh5 16. Bd2 g6 $146 ({Predecessor:} 16... Nf6 17. Qh4 Kh8 18. Bg5 Ng8 19. Nd5 Bxg5 20. Qxg5 Qd6 21. c4 Bxd5 22. exd5 {1-0 (41) Gomez,J (2515)-Sitanggang,S (2376) Jakarta 2011}) 17. a5 Rad8 18. Bh6 Rfe8 19. Ra4 Bf8 20. Be3 1/2-1/2

[Event "18th Charleroi Experts 2019"]
[Site "Charleroi"]
[Date "2019.07.31"]
[Round "6.3"]
[White "Hamblok, Roel"]
[Black "Real, Thibault"]
[Result "1/2-1/2"]
[WhiteElo "2261"]
[BlackElo "2262"]
[Annotator "NA"]
[PlyCount "59"]
[EventDate "2019.07.22"]
[EventType "tourn"]
[EventCountry "BEL"]
[SourceTitle "playchess.com"]
[Source "ChessBase"]
[SourceQuality "1"]
[TimeControl "40/5400+30:1800+30"]

1. d4 {[%emt 0:00:00]} Nf6 {[%emt 0:00:42]} 2. Nf3 {[%emt 0:00:00]} d5 {[%emt 0:00:04]} 3. g3 {[%emt 0:00:00]} e6 {[%emt 0:00:12]} 4. Bg2 {[%emt 0:00:04]} Be7 {[%emt 0:00:14]} 5. O-O {[%emt 0:00:07]} b5 {[%emt 0:00:25]} 6. a4 {[%emt 0:00:11]} b4 {[%emt 0:05:23]} 7. c4 {[%emt 0:01:02]} bxc3 {[%emt 0:10:54]} 8. Nxc3 {[%emt 0:00:22]} a5 {[%emt 0:05:48]} 9. Bf4 {[%emt 0:02:31]} c6 {[%emt 0:13:18]} 10. Ne5 {[%emt 0:11:38]} O-O {[%emt 0:01:37]} 11. Qb3 {[%emt 0:10:20]} Ba6 {[%emt 0:04:33]} 12. Rfd1 {[%emt 0:03:27]} Nfd7 {[%emt 0:03:02]} 13. e4 {[%emt 0:13:43]} Nxe5 14. dxe5 {[%emt 0:05:03]} Bc4 {[%emt 0:18:45]} 15. Qc2 {[%emt 0:08:41]} Na6 {[%emt 0:00:08]} 16. b3 {[%emt 0:01:56]} Nb4 {[%emt 0:00:18]} 17. Qb1 {[%emt 0:04:30]} Ba6 {[%emt 0:00:05]} 18. Be3 {[%emt 0:03:03]} f6 {[%emt 0:08:38]} 19. exd5 {[%emt 0:07:56]} exd5 {[%emt 0:01:44]} 20. Be4 {[%emt 0:15:04]} fxe5 {[%emt 0:02:49]} 21. Bxh7+ {[%emt 0:00:38]} Kh8 {[%emt 0:00:12]} 22. Bg6 {[%emt 0:00:35]} Bd6 {[%emt 0:01:31]} 23. Rd4 {[%emt 0:03:57]} Qf6 {[%emt 0:05:11]} 24. Rh4+ {[%emt 0:00:59]} Kg8 {[%emt 0:00:05]} 25. Rh5 {[%emt 0:01:36]} Qf3 {[%emt 0:09:02]} 26. Bh7+ {[%emt 0:01:00]} Kh8 {[%emt 0:00:12]} 27. Bg6+ {[%emt 0:01:06]} Kg8 {[%emt 0:00:04]} 28. Bh7+ {[%emt 0:03:06]} Kh8 {[%emt 0:00:01]} 29. Bg6+ {[%emt 0:01:18]} Kg8 {[%emt 0:00:38]} 30. Bh7+ {[%emt 0:00:19]} 1/2-1/2

[Event "18th Charleroi Experts 2019"]
[Site "Charleroi"]
[Date "2019.07.31"]
[Round "6.4"]
[White "Dardha, Daniel"]
[Black "Hovhannisyan, Mher"]
[Result "0-1"]
[WhiteElo "2420"]
[BlackElo "2444"]
[Annotator "TA"]
[PlyCount "66"]
[EventDate "2019.07.22"]
[EventType "tourn"]
[EventCountry "BEL"]
[SourceTitle "playchess.com"]
[Source "ChessBase"]
[SourceQuality "1"]

{[%evp 13,66,4,14,18,30,30,37,27,23,23,31,38,50,43,37,53,35,22,54,51,56,24,32,40,50,52,52,57,62,26,52,35,31,35,54,0,0,0,8,-47,-38,-59,-17,-260,-258,-258,-272,-371,-371,-1233,-1227,-1206,-1180,-1234,-1227]} 1. Nf3 Nf6 2. g3 g6 3. Bg2 Bg7 4. O-O O-O 5. d4 d6 6. b3 a5 7. a4 Nc6 8. Bb2 {A49: 1 d4 Nf6 2 Nf3 g6 3 g3: Anti-King's Indian systems} e5 (8... Bf5 9. Na3 Qc8 10. Re1 Be4 11. Qd2 Re8 12. Rad1 e5 13. dxe5 Nd7 14. Nc4 Ndxe5 15. Nfxe5 Bxg2 16. Nxf7 Bxb2 17. Nxb2 Kxf7 18. Kxg2 {0-1 (47) Kovalenko,I (2646)-Moussard,J (2579) Bastia 2018}) 9. dxe5 Nd7 {[%cal Rc6e5]} 10. Qc1 {White is slightly better.} Ndxe5 11. Nxe5 Nxe5 12. f4 Nd7 13. Bxg7 Kxg7 14. Nc3 Nc5 15. e4 Bd7 $146 ({Predecessor:} 15... f5) 16. e5 Bc6 17. Rd1 Bxg2 18. Kxg2 Qe8 19. exd6 Qc6+ 20. Kg1 cxd6 21. Qd2 Rfe8 22. Qd4+ f6 23. Nd5 Nd7 24. Ne3 ({White should try} 24. Rd2 $14) 24... Rad8 $11 25. Kf2 Nc5 {[%cal Bd7c5,Bc5e6,Be6d4][%mdl 32]} 26. Re1 ({White should play} 26. Nd5 $11 Ne4+ {[%mdl 64] Discovered Attack} 27. Kg1) 26... d5 $15 27. Kg1 Ne6 28. Qd2 $2 {[#]} (28. Qd3 $11 {and White is okay.}) 28... d4 $1 $19 {[%cal Rd4e3]} 29. Nc4 {[#]} d3 $1 {[%mdl 512]} 30. Qf2 (30. cxd3 Nd4) 30... dxc2 31. Rac1 $2 (31. Qxc2 Nd4 32. Qg2) 31... Nd4 {Black is clearly winning.} 32. Rxe8 Qxe8 33. Ne3 Qe4 {Accuracy: White = 49%, Black = 66%.} 0-1

[Event "18th Charleroi Experts 2019"]
[Site "Charleroi"]
[Date "2019.07.31"]
[Round "6.5"]
[White "Sterck, Arno"]
[Black "Lenaerts, Lennert"]
[Result "1-0"]
[WhiteElo "2316"]
[BlackElo "2355"]
[Annotator "TA"]
[PlyCount "67"]
[EventDate "2019.07.22"]
[EventType "tourn"]
[EventCountry "BEL"]
[SourceTitle "playchess.com"]
[Source "ChessBase"]
[SourceQuality "1"]

{[%evp 9,67,20,31,37,29,23,32,28,19,18,14,15,19,19,18,0,0,0,0,-7,21,6,6,6,10,7,0,0,79,83,170,168,173,175,165,163,183,181,262,138,365,369,479,480,453,340,713,726,712,706,699,693,666,472,522,515,498,451,686,685]} 1. d4 d5 2. c4 c6 3. Nf3 Nf6 4. e3 Bg4 5. h3 Bh5 6. g4 {D11: Slav Defence: 3 Nf3 sidelines and 3...Nf6 4 e3 Bg4} Bg6 7. Ne5 Nbd7 (7... e6 8. Nd2 Nbd7 9. h4 dxc4 10. Bxc4 Nxe5 11. dxe5 Ne4 12. h5 Nxd2 13. Bxd2 Bd3 {½-½ (49) Shankland,S (2731)-Robson,R (2667) Saint Louis 2019}) 8. Nxg6 {White is slightly better.} hxg6 9. Qb3 e6 10. Qxb7 $146 ({Predecessor:} 10. Bg2 Qb6 11. Nc3 g5 12. Bd2 Be7 13. O-O-O a5 14. Qxb6 Nxb6 15. cxd5 Nfxd5 {½-½ (27) Ju,W (2580)-Girya,O (2450) Khanty-Mansiysk 2016}) 10... Rb8 11. Qxc6 {next c5 is good for White.} Bb4+ $1 12. Ke2 O-O 13. a3 Qa5 14. b3 $1 {[%cal Bb2b3,Bb3b4][%mdl 32]} Bc3 15. Bd2 Bxd2 16. Nxd2 {[%cal Bb1d2,Bd2c4,Bc4e3,Be3d5,Bd5e7][%mdl 32] Black should prevent b4.} Rfc8 17. b4 Qd8 $1 18. Qa6 {aiming for c5.} dxc4 {[#]} (18... e5 $1 $11 {remains equal.}) 19. Bg2 $1 $16 e5 (19... Rb6 $16 20. Qxa7 Nd5 21. Bxd5 exd5) 20. Nxc4 $18 ({And not} 20. Qxa7 Rc7 $15) 20... exd4 21. Rhd1 dxe3 22. Nxe3 Qe8 23. Kf1 $36 {[%mdl 2048] Keeping Black busy.} Rc7 (23... Ne4 $142 24. Qxa7 (24. Bxe4 Qxe4 25. Qd3 Qxd3+ 26. Rxd3 Ne5 $16) 24... Ndf6) 24. Re1 (24. Rac1 $18 Rbc8 25. Rxc7 Rxc7 26. g5) 24... Ne5 $2 (24... Rb6 $16 25. Qa5 Qb8) 25. g5 Nfd7 26. Nd5 Rc2 27. Qd6 Qe6 $2 (27... Rc4 28. Rad1 Qe6) 28. Ne7+ {White is clearly winning.} Kh7 29. Qxe6 fxe6 30. Re4 {[%cal Re4h4] [#]} Rc4 31. Rae1 Re8 32. Rxc4 Nxc4 33. Rxe6 Nce5 (33... Nf8 $142) 34. Be4 {Accuracy: White = 94%, Black = 36%.} 1-0

[Event "18th Charleroi Experts 2019"]
[Site "Charleroi"]
[Date "2019.08.01"]
[Round "7.1"]
[White "Lenaerts, Lennert"]
[Black "Cools, Gorik"]
[Result "1/2-1/2"]
[WhiteElo "2355"]
[BlackElo "2280"]
[Annotator "NA"]
[PlyCount "96"]
[EventDate "2019.07.22"]
[EventType "tourn"]
[EventCountry "BEL"]
[SourceTitle "playchess.com"]
[Source "ChessBase"]
[SourceQuality "1"]
[TimeControl "40/5400+30:1800+30"]

1. d4 {[%emt 0:00:03]} Nf6 {[%emt 0:00:00]} 2. c4 {[%emt 0:00:20]} g6 {[%emt 0:00:00]} 3. f3 {[%emt 0:00:14]} c5 {[%emt 0:00:05]} 4. d5 {[%emt 0:00:34]} e6 {[%emt 0:00:11]} 5. Nc3 {[%emt 0:01:48]} exd5 {[%emt 0:00:20]} 6. cxd5 {[%emt 0:00:05]} d6 {[%emt 0:00:39]} 7. e4 {[%emt 0:00:12]} Bg7 {[%emt 0:00:14]} 8. Be3 {[%emt 0:00:21]} O-O {[%emt 0:00:08]} 9. Qd2 {[%emt 0:00:22]} Re8 {[%emt 0:02:28]} 10. a4 {[%emt 0:03:42]} Na6 {[%emt 0:13:25]} 11. Nge2 {[%emt 0:04:13]} Nb4 {[%emt 0:07:23]} 12. Nc1 {[%emt 0:01:42]} Nd7 {[%emt 0:02:36]} 13. Be2 {[%emt 0:02:17]} f5 {[%emt 0:03:18]} 14. O-O {[%emt 0:02:20]} fxe4 {[%emt 0:00:11]} 15. Nxe4 {[%emt 0:00:57]} Ne5 {[%emt 0:00:41]} 16. Bg5 {[%emt 0:06:25]} Qc7 {[%emt 0:03:23]} 17. Na2 {[%emt 0:00:37]} Nxa2 {[%emt 0:04:54]} 18. Rxa2 {[%emt 0:00:08]} Rf8 {[%emt 0:01:13]} 19. a5 {[%emt 0:10:21]} Bf5 {[%emt 0:00:59]} 20. Ng3 {[%emt 0:01:45]} Bd7 {[%emt 0:05:15]} 21. Bh6 {[%emt 0:00:48]} Rae8 {[%emt 0:10:15]} 22. Bxg7 {[%emt 0:03:03]} Kxg7 {[%emt 0:00:11]} 23. Ra3 {[%emt 0:03:12]} Nf7 {[%emt 0:30:23]} 24. Ne4 {[%emt 0:07:40]} Bf5 {[%emt 0:01:10]} 25. Qc3+ {[%emt 0:02:30]} Ne5 {[%emt 0:00:10]} 26. Ng3 {[%emt 0:00:35]} Kg8 {[%emt 0:03:56]} 27. f4 {[%emt 0:00:22]} Ng4 {[%emt 0:01:46]} 28. Bxg4 {[%emt 0:22:40]} Bxg4 {[%emt 0:00:02]} 29. h3 {[%emt 0:00:27]} Bf5 {[%emt 0:02:00]} 30. Qd2 {[%emt 0:00:30]} Qf7 {[%emt 0:02:50]} 31. h4 {[%emt 0:00:40]} Be4 {[%emt 0:01:30]} 32. f5 {[%emt 0:02:47]} Qxd5 {[%emt 0:00:05]} 33. Nxe4 {[%emt 0:01:36]} Qxe4 {[%emt 0:00:06]} 34. Qxd6 {[%emt 0:00:36]} Rxf5 {[%emt 0:00:49]} 35. Rxf5 {[%emt 0:00:10]} Qxf5 {[%emt 0:00:10]} 36. Rf3 {[%emt 0:00:02]} Qe5 {[%emt 0:00:58]} 37. Rf8+ {[%emt 0:01:23]} Kg7 {[%emt 0:00:07]} 38. Qxe5+ {[%emt 0:00:07]} Rxe5 {[%emt 0:00:01]} 39. Ra8 {[%emt 0:00:12]} a6 {[%emt 0:00:34]} 40. Rc8 {[%emt 0:00:07]} Kh6 {[%emt 0:04:44]} 41. Rc7 {[%emt 0:30:55]} c4 {[%emt 0:02:39]} 42. Rxb7 {[%emt 0:00:00]} Rxa5 {[%emt 0:00:07]} 43. Rc7 {[%emt 0:00:00]} Ra1+ {[%emt 0:01:13]} 44. Kh2 {[%emt 0:00:00]} Rb1 {[%emt 0:00:10]} 45. Rxc4 {[%emt 0:00:00]} Rxb2 {[%emt 0:00:05]} 46. Rc7 {[%emt 0:00:00]} a5 {[%emt 0:08:18]} 47. Ra7 {[%emt 0:00:00]} Rb5 {[%emt 0:03:54]} 48. g4 {[%emt 0:00:00]} Rb2+ {[%emt 0:04:05]} 1/2-1/2